<?xml version="1.0" encoding="UTF-8"?>
<marc:record xmlns:marc="http://www.loc.gov/MARC21/slim">
   <marc:leader>00000nam a2200000 a 4500</marc:leader>
   <marc:datafield ind1="0" ind2="0" tag="245">
      <marc:subfield code="a">Aladin und die Wunderlampe</marc:subfield>
   </marc:datafield>
   <marc:datafield ind1=" " ind2="1" tag="264">
      <marc:subfield code="b">Power Station GmbH</marc:subfield>
      <marc:subfield code="c">2012</marc:subfield>
   </marc:datafield>
   <marc:datafield ind1="1" ind2=" " tag="520">
      <marc:subfield code="a">Stellt Euch vor: Ihr bekommt eine Geschichte erzählt und wenn?s so richtig spannend wird, heißt es: ?So, das war?s für heute?. Genauso erging es dem Sultan Schalar. Dieser hasste die Menschen deshalb sehr, bis Scheherazade kam. Sie erzählte dem Sultan eine Geschichte und achtete darauf, dass diese bei Morgengrauen so richtig spannend war. Der Sultan beschloss, Scheherazade noch eine Nacht bei sich zu behalten, damit er das Ende der Geschichte hören konnte. Scheherazade begann immer kurz bevor die Nacht zu Ende war mit einer neuen Geschichte... und diese wollte der Sultan natürlich auch wieder zu Ende hören.</marc:subfield>
   </marc:datafield>
   <marc:datafield ind1=" " ind2=" " tag="020">
      <marc:subfield code="a">7619943851308</marc:subfield>
      <marc:subfield code="9">7619943851308</marc:subfield>
   </marc:datafield>
   <marc:datafield ind1="0" ind2=" " tag="490">
      <marc:subfield code="v">0</marc:subfield>
   </marc:datafield>
   <marc:datafield ind1=" " ind2=" " tag="300">
      <marc:subfield code="a">1 DVD (60 Min.), farb.</marc:subfield>
   </marc:datafield>
</marc:record>
